| 000 | 00872nam a22002897a 4500 | ||
|---|---|---|---|
| 003 | CHAP | ||
| 005 | 20220329133905.0 | ||
| 008 | 971013s1982 r 00010 d | ||
| 010 | _a12330 | ||
| 011 | _a13302 | ||
| 035 | _a17373 | ||
| 040 | _cCHAP | ||
| 090 | _aFolleto 8903 | ||
| 100 | 0 | 0 |
_aBastardo de Colmenares, Hilda. _910736 |
| 245 | _aProducción de truchas en Venezuela | ||
| 260 |
_aCaracas : _bMinisterio de Agricultura y Cría, _c1982 |
||
| 300 | _a43 p. | ||
| 590 |
_aBATCH-UPD _b10 _c20130109 _lUCH01 _h2309 |
||
| 590 |
_aBATCH-UPD _b10 _c20130110 _lUCH01 _h1516 |
||
| 590 |
_aCONVERSION _b10 _c20130109 _lUCH01 _h1308 |
||
| 650 | 1 | 4 |
_aTrucha. _9115343 |
| 700 | 0 |
_aAlizo, Herminia A. de. _94357 |
|
| 901 | _aBK | ||
| 942 | _cFOLL | ||
| 949 |
_aFolleto 8903 _bBC _cFOLL _d-41047 _eTS1 _i17373 _si |
||
| 949 |
_aFolleto 8903 _bBC _cFOLL _d-41048 _eTS2 _fc.2 _i17373 _si |
||
| 999 |
_c12330 _d12330 |
||